Movies Quiz

Random Movies or Disney Quiz

Follow That Line: Newsies Quiz Stats

Quiz not verified by Sporcle

Challenge
Share
Tweet
Embed
Score 0/30 Timer 18:00
3 Plays Today
% Correct
Newsies sell papes.
93.7%
I mean, Morris, he can't count to 20 with his shoes on.
93.3%
Brooklyn is here!
93.3%
A mouth with a brain, and if you got half a one, you'll listen to what he's got to say.
93.1%
On the grounds of Brooklyn, your honor.
92.3%
It's just improving the truth a little.
91.8%
On me back, Mush.
91.4%
'Trash Fire Next To Immigration Building Terrifies Seagulls'?
91.2%
No, smart.
90%
Spot Conlon makes us a little noivous.
90%
Well, we only use the best, Joe. So, I just want to say... thanks again.
89.5%
Poor orphans and runaways, the newsies were a ragged army without a leader, until one day all that changed.
89.3%
Okay, you guys gotta go out and be, uh, am-bastards.
89%
Well, mine told me not to starve, so we both have an education.
88.4%
It's got a mind of its own.
88.1%
% Correct
Sometime I read 'em.
87.8%
I gotta find me a new selling spot where they ain't used to seein' me!
87.7%
I spent a month there one night.
87.5%
That's when he threw us out.
87.5%
We're just a bunch of angry kids with no money.
87.5%
Unless you're referring to the family resemblance in your brother here.
87%
That what you say... is what I say.
86.5%
So, did ya win?
84.1%
You gotta show me.
84%
Will you please get your fingers off my face.
81.6%
We was beat when we was born.
81.5%
Must be from Brooklyn.
81%
Nobody told the horse.
80%
That's an unusual name for these parts.
78.4%
Your Honor, how 'bout I roll ya for it, double or nuttin'?
71.2%

You're not logged in!

Compare scores with friends on all Sporcle quizzes.
Sign Up with Email
OR
Log In

You Might Also Like...

Show Comments

Extras

Top Quizzes Today


Score Distribution

Your Account Isn't Verified!

In order to create a playlist on Sporcle, you need to verify the email address you used during registration. Go to your Sporcle Settings to finish the process.